000 00602cam a2200181 4500500
005 20260329003438.0
041 _afre
042 _adc
100 1 0 _aLequin, Mathilde
_eauthor
245 0 0 _aSandra Laugier : “La voie de la confiance en soi, une utopie profondément réaliste”
260 _c2015.
500 _a37
690 _aConfiance
690 _aEmerson
690 _aSandra Laugier
786 0 _nPhilosophie magazine | 93 | 10 | 2015-10-01 | p. 46-47 | 1951-1787
856 4 1 _uhttps://shs.cairn.info/magazine-philosophie-magazine-2015-10-page-46?lang=fr&redirect-ssocas=7080
999 _c1824662
_d1824662